| 000 | 00467cam a2200181ua 4500 | ||
|---|---|---|---|
| 001 | 768 | ||
| 008 | 110419n ii |||gr||||Z||||||eng | ||
| 040 | _cMAIN | ||
| 082 | _a320.5 | ||
| 245 | 1 |
_aModern Indian political thought. _cBy H R Mukhi. |
|
| 250 | _a12th. | ||
| 260 |
_aDelhi.: _bSurajeet book depot.,997. |
||
| 300 |
_axii, 240 p.: _c20 cm. |
||
| 653 | _aPolitical science. | ||
| 653 | _aModern Indian political thought. | ||
| 700 | 1 | _aMukhi, H R., | |
| 942 | _cBK | ||
| 999 |
_c694 _d694 |
||